[Event "I Torneo Tecnológico Bali"]
[Site "Benidorm ESP"]
[Date "2007.12.08"]
[Round "7.7"]
[White "Palacios Perez, Jose Luis"]
[Black "Corbalan Gomez, Juan Jose"]
[Result "1-0"]
[WhiteElo "1969"]
[BlackElo "2144"]
[PlyCount "111"]
[EventDate "2007.12.01"]
[EventType "swiss"]
[EventRounds "8"]
[EventCountry "ESP"]
[Source "lmi"]
[SourceDate "2007.12.01"]

1. d4 d5 2. c4 c6 3. Nf3 Nf6 4. Nc3 dxc4 5. a4 Bf5 6. e3 e6 7. Bxc4 Bb4 8. O-O
Nbd7 9. Qe2 Bg6 10. e4 O-O 11. Bd3 h6 12. Bf4 Rc8 13. Rfd1 a6 14. h3 Re8 15.
Bc2 Qe7 16. a5 c5 17. d5 e5 18. Bg3 c4 19. Bh4 Bh5 20. g4 Bg6 21. Ba4 Red8 22.
Bxd7 Rxd7 23. Ra4 Rdd8 24. Bxf6 gxf6 25. Na2 Bd6 26. Nd2 Qd7 27. Nc3 Kg7 28.
Nxc4 Bc5 29. Rd3 Rh8 30. Rg3 Rhg8 31. Ra1 Bd4 32. Rc1 Bc5 33. Kg2 Bd4 34. b3
Rgd8 35. h4 Qe7 36. d6 Qf8 37. Rf3 Bc5 38. Nd5 Bxd6 39. h5 Bh7 40. Rxf6 Rc6 41.
Qe3 Kh8 42. Nxd6 Rdxd6 43. Rxd6 Qxd6 44. f3 Kg7 45. g5 Kh8 46. Rxc6 bxc6 47.
Nf6 Qe7 48. Qb6 Qd6 49. Qxa6 Qd2+ 50. Kh3 Kg7 51. Qxc6 Qxg5 52. Ng4 Qd2 53.
Qf6+ Kf8 54. Nxe5 Ke8 55. Qxf7+ Kd8 56. Qxh7 1-0

[Event "I Torneo Tecnológico Bali"]
[Site "Benidorm ESP"]
[Date "2007.12.08"]
[Round "7.10"]
[White "Frick, Christoph"]
[Black "Garcia Domingo, Jose Antonio"]
[Result "0-1"]
[WhiteElo "2265"]
[BlackElo "1987"]
[PlyCount "44"]
[EventDate "2007.12.01"]
[EventType "swiss"]
[EventRounds "8"]
[EventCountry "ESP"]
[Source "lmi"]
[SourceDate "2007.12.01"]

1. e4 c5 2. Nf3 d6 3. d4 cxd4 4. Nxd4 e5 5. Nb5 Be6 6. Be2 Nf6 7. O-O Nc6 8.
Bg5 a6 9. N5c3 Qb6 10. Nd5 Bxd5 11. exd5 Nd4 12. Bxf6 gxf6 13. Bd3 Qxb2 14. Nd2
Qa3 15. Nb3 Nxb3 16. axb3 Qc5 17. Bf5 Ke7 18. Re1 h5 19. Re4 b5 20. c4 Bg7 21.
Ra2 Ra7 22. Rh4 Qb4 0-1

[Event "I Torneo Tecnológico Bali"]
[Site "Benidorm ESP"]
[Date "2007.12.08"]
[Round "7.12"]
[White "Cañizares Cuadra, Pedro"]
[Black "Maseda Iglesias, Luis"]
[Result "1/2-1/2"]
[WhiteElo "1918"]
[BlackElo "1976"]
[PlyCount "132"]
[EventDate "2007.12.01"]
[EventType "swiss"]
[EventRounds "8"]
[EventCountry "ESP"]
[Source "lmi"]
[SourceDate "2007.12.01"]

1. e4 e6 2. d4 d5 3. Nd2 c5 4. Ngf3 Nc6 5. exd5 exd5 6. Bb5 Bd6 7. dxc5 Bxc5 8.
O-O Nge7 9. Nb3 Bd6 10. Re1 O-O 11. c3 Bg4 12. h3 Bh5 13. Be2 Re8 14. Be3 Bg6
15. Bd3 Nf5 16. Qd2 Qc7 17. Bc5 Ne5 18. Nxe5 Bxe5 19. Bb5 Red8 20. Rad1 b6 21.
Ba3 h6 22. Qe2 Bf6 23. Bd3 Rac8 24. Qg4 h5 25. Qa4 a5 26. Qb5 Qc6 27. Qxc6 Rxc6
28. Bxf5 Bxf5 29. Be7 Bxe7 30. Rxe7 Bc2 31. Rd2 Bxb3 32. axb3 Re6 33. Rb7 Re1+
34. Kh2 Rd6 35. Rb8+ Kh7 36. h4 f6 37. f3 g5 38. Kg3 Kg6 39. Rc8 Re5 40. hxg5
fxg5 41. Rc4 Kf6 42. Ra4 Rc6 43. b4 Rc4 44. Rd4 h4+ 45. Kh2 Re2 46. bxa5 Rxd4
47. Rxd4 bxa5 48. Rxd5 a4 49. Rb5 Re1 50. g3 Rc1 51. gxh4 gxh4 52. Ra5 Rc2+ 53.
Kh3 Rxb2 54. Rxa4 Rf2 55. Kg4 h3 56. Rf4+ Ke5 57. c4 h2 58. Rf5+ Kd4 59. Rh5
Ke3 60. Re5+ Kd3 61. Rh5 Ke3 62. c5 Rg2+ 63. Kf5 Kxf3 64. c6 Rc2 65. Rxh2 Rxh2
66. Ke5 Rc2 1/2-1/2

[Event "I Torneo Tecnológico Bali"]
[Site "Benidorm ESP"]
[Date "2007.12.08"]
[Round "7.13"]
[White "Aledo Lopez, Angel"]
[Black "Tonus, Alex"]
[Result "1/2-1/2"]
[WhiteElo "1100"]
[BlackElo "1905"]
[PlyCount "20"]
[EventDate "2007.12.01"]
[EventType "swiss"]
[EventRounds "8"]
[EventCountry "ESP"]
[Source "lmi"]
[SourceDate "2007.12.01"]

1. e4 c5 2. Nf3 d6 3. Bc4 e6 4. Nc3 Nf6 5. O-O Be7 6. d4 cxd4 7. Nxd4 O-O 8.
Be3 Nc6 9. h3 Bd7 10. Qe2 Qc7 1/2-1/2

[Event "I Torneo Tecnológico Bali"]
[Site "Benidorm ESP"]
[Date "2007.12.09"]
[Round "8.2"]
[White "Fenollar Jorda, Manuel"]
[Black "Pardo Simon, David"]
[Result "1/2-1/2"]
[WhiteElo "2261"]
[BlackElo "2173"]
[PlyCount "124"]
[EventDate "2007.12.01"]
[EventType "swiss"]
[EventRounds "8"]
[EventCountry "ESP"]
[Source "lmi"]
[SourceDate "2007.12.01"]

1. e4 e5 2. Nf3 Nf6 3. Nxe5 d6 4. Nf3 Nxe4 5. d4 d5 6. Bd3 Bd6 7. O-O O-O 8. c4
c6 9. Re1 Bg4 10. h3 Bf5 11. Qb3 Na6 12. cxd5 Nac5 13. dxc5 Nxc5 14. Bxf5 Nxb3
15. axb3 Re8 16. dxc6 Rxe1+ 17. Nxe1 bxc6 18. Nc3 Qb8 19. Be4 Qxb3 20. Bxc6 Rc8
21. Bd5 Qb6 22. Bf3 Bb8 23. Nc2 Be5 24. Ne3 Bxc3 25. bxc3 Re8 26. Bd1 g6 27.
Bc2 a5 28. g3 h5 29. Ra4 Rd8 30. c4 Qd4 31. Ra3 Qe5 32. Kg2 Qc5 33. Rb3 a4 34.
Rb5 Qc6+ 35. Kg1 Ra8 36. Ba3 Qf3 37. Bd1 Qe4 38. Rd5 h4 39. g4 Qb1 40. c5 Kh7
41. Rd7 Qa2 42. Bb4 a3 43. Bc3 Qe6 44. c6 a2 45. Ba1 Rc8 46. Bf3 Rxc6 47. Bxc6
Qxc6 48. Rxf7+ Kg8 49. Rg7+ Kf8 50. Nf1 Qc1 51. Bf6 Qf4 52. Bb2 Qb4 53. Ba1 Qb1
54. Bf6 Qb6 55. Bc3 Qb3 56. Ba1 Qb1 57. Bd4 Qe4 58. Bb2 Qc2 59. Be5 Qc5 60. Ba1
Qc1 61. Bf6 Qf4 62. Ba1 Qc1 1/2-1/2

[Event "I Torneo Tecnológico Bali"]
[Site "Benidorm ESP"]
[Date "2007.12.09"]
[Round "8.3"]
[White "Rodriguez Marcos, Jose Ramon"]
[Black "Molina Cabaleiro, Juan Jose"]
[Result "0-1"]
[WhiteElo "2001"]
[BlackElo "1840"]
[PlyCount "72"]
[EventDate "2007.12.01"]
[EventType "swiss"]
[EventRounds "8"]
[EventCountry "ESP"]
[Source "lmi"]
[SourceDate "2007.12.01"]

1. e4 e5 2. Nf3 Nf6 3. Nxe5 d6 4. Nf3 Nxe4 5. Nc3 Nxc3 6. dxc3 Be7 7. Bd3 O-O
8. O-O Nd7 9. Be3 Re8 10. Re1 Bf6 11. Qd2 Ne5 12. Nxe5 dxe5 13. Rad1 Qe7 14.
Qe2 e4 15. Bc4 Be6 16. Bf4 Bf5 17. Bb3 Bg6 18. g3 a6 19. a4 Rac8 20. Rd2 Bf5
21. g4 Bg6 22. Red1 Rcd8 23. Kg2 h6 24. Qe3 Kh7 25. h3 Rxd2 26. Qxd2 Be5 27.
Bxe5 Qxe5 28. Qe3 Qe7 29. Rd4 f5 30. Kg3 fxg4 31. hxg4 c5 32. Rd5 c4 33. Ba2
Qc7+ 34. Kg2 Rf8 35. Qg3 Qc8 36. Rd4 b5 0-1

[Event "I Torneo Tecnológico Bali"]
[Site "Benidorm ESP"]
[Date "2007.12.09"]
[Round "8.4"]
[White "Contreras Poblete, Juan Antonio"]
[Black "Palacios Perez, Jose Luis"]
[Result "1/2-1/2"]
[WhiteElo "1883"]
[BlackElo "1969"]
[PlyCount "105"]
[EventDate "2007.12.01"]
[EventType "swiss"]
[EventRounds "8"]
[EventCountry "ESP"]
[Source "lmi"]
[SourceDate "2007.12.01"]

1. e4 c5 2. Nf3 d6 3. d4 cxd4 4. Nxd4 Nf6 5. Nc3 a6 6. Bg5 e6 7. Qd2 Nc6 8.
O-O-O Bd7 9. f3 Be7 10. h4 Qc7 11. Nxc6 Bxc6 12. Bf4 Rd8 13. g4 b5 14. g5 Nh5
15. Bh2 Qa5 16. a3 d5 17. exd5 b4 18. axb4 Qa1+ 19. Nb1 Bxd5 20. Qc3 O-O 21.
Bc4 Rc8 22. Rd4 a5 23. b3 Qa2 24. bxa5 Bc5 25. Rhd1 Bxd4 26. Rxd4 Bxc4 27. Rxc4
Rxc4 28. bxc4 Qa4 29. Nd2 Ra8 30. Bc7 Rc8 31. Qe5 Qa2 32. Bb6 Qa3+ 33. Kd1 Qa4
34. Bd4 Qa3 35. Ke2 Qa4 36. Kd3 Qb4 37. Bb6 Qa3+ 38. c3 Qa4 39. Qd4 Ng3 40. c5
Qe8 41. Qe5 Nh5 42. c4 Qa4 43. Ke2 g6 44. Ke1 h6 45. gxh6 Kh7 46. Ne4 Kxh6 47.
Nd6 Rf8 48. Qd4 Kh7 49. Qd1 Qb4+ 50. Kf1 Ng3+ 51. Kg2 Nf5 52. Qe2 Nxh4+ 53. Kf2
1/2-1/2

[Event "I Torneo Tecnológico Bali"]
[Site "Benidorm ESP"]
[Date "2007.12.09"]
[Round "8.6"]
[White "Jordan Martinez, David"]
[Black "Blanco Gutierrez, Pedro"]
[Result "1-0"]
[WhiteElo "2146"]
[BlackElo "2115"]
[PlyCount "45"]
[EventDate "2007.12.01"]
[EventType "swiss"]
[EventRounds "8"]
[EventCountry "ESP"]
[Source "lmi"]
[SourceDate "2007.12.01"]

1. d4 Nf6 2. c4 e6 3. Nc3 Bb4 4. f3 d5 5. a3 Bxc3+ 6. bxc3 O-O 7. cxd5 exd5 8.
e3 Bf5 9. Ne2 Nbd7 10. Nf4 Re8 11. g4 g5 12. Nd3 Bg6 13. h4 gxh4 14. Rxh4 Ne4
15. Rh2 Nd6 16. Nf4 Nb6 17. Kf2 c6 18. Ra2 Nbc4 19. Bd3 Qd7 20. Re2 Qe7 21. Re1
b5 22. Qe2 Qf6 23. Reh1 1-0

[Event "I Torneo Tecnológico Bali"]
[Site "Benidorm ESP"]
[Date "2007.12.09"]
[Round "8.9"]
[White "Orfali, Marcelo"]
[Black "Sahelices Casado, Roberto"]
[Result "1-0"]
[WhiteElo "2097"]
[BlackElo "2117"]
[PlyCount "69"]
[EventDate "2007.12.01"]
[EventType "swiss"]
[EventRounds "8"]
[EventCountry "ESP"]
[Source "lmi"]
[SourceDate "2007.12.01"]

1. e4 c5 2. Nf3 d6 3. d4 cxd4 4. Nxd4 Nf6 5. Nc3 Nc6 6. Bg5 Bd7 7. Qd2 Rc8 8.
Nxc6 bxc6 9. Bc4 h6 10. Be3 e6 11. O-O Be7 12. Be2 Qc7 13. f4 O-O 14. Rad1 c5
15. f5 Kh7 16. fxe6 Bxe6 17. Nd5 Nxd5 18. exd5 Bd7 19. Bd3+ Kg8 20. c4 f5 21.
Rf3 Rf7 22. Rdf1 Rcf8 23. Qc2 Qc8 24. b4 cxb4 25. Bxa7 Qa6 26. Bf2 Qa5 27. Qb1
Bd8 28. Be1 Bb6+ 29. Kh1 Bc5 30. g4 Rb8 31. Bxf5 Bxf5 32. gxf5 Qa6 33. Rf4 Rbb7
34. f6 Rxf6 35. Qe4 1-0

[Event "I Torneo Tecnológico Bali"]
[Site "Benidorm ESP"]
[Date "2007.12.09"]
[Round "8.10"]
[White "Aledo Lopez, Angel"]
[Black "Cañizares Cuadra, Pedro"]
[Result "0-1"]
[WhiteElo "1100"]
[BlackElo "1918"]
[PlyCount "84"]
[EventDate "2007.12.01"]
[EventType "swiss"]
[EventRounds "8"]
[EventCountry "ESP"]
[Source "lmi"]
[SourceDate "2007.12.01"]

1. e4 c5 2. Nc3 d6 3. g3 Nc6 4. Bg2 g6 5. d3 Bg7 6. Be3 e6 7. Qd2 Rb8 8. f4
Nge7 9. Nf3 O-O 10. O-O Nd4 11. Rab1 Nec6 12. Ne2 Nxf3+ 13. Bxf3 Nd4 14. Bg2
Bd7 15. c3 Nxe2+ 16. Qxe2 Qc7 17. Bf3 Qa5 18. g4 Qa6 19. g5 f6 20. gxf6 Bxf6
21. a3 Rbc8 22. Rbd1 Qb6 23. Qg2 Rb8 24. Rd2 a6 25. Bg4 Rbe8 26. Rff2 Rf7 27.
Qh3 Qd8 28. e5 Bh4 29. Rfe2 dxe5 30. fxe5 Qe7 31. Bf3 b6 32. Bg2 Rf5 33. b4
cxb4 34. axb4 Rc8 35. Bd4 Rh5 36. Qf3 Bc6 37. Qf1 Rf8 38. Qa1 Qg5 39. Kh1 Rf3
40. b5 axb5 41. Bg1 Bg3 42. Re4 Qxd2 0-1

[Event "I Torneo Tecnológico Bali"]
[Site "Benidorm ESP"]
[Date "2007.12.09"]
[Round "8.11"]
[White "Maseda Iglesias, Luis"]
[Black "Frick, Christoph"]
[Result "1-0"]
[WhiteElo "1976"]
[BlackElo "2265"]
[PlyCount "27"]
[EventDate "2007.12.01"]
[EventType "swiss"]
[EventRounds "8"]
[EventCountry "ESP"]
[Source "lmi"]
[SourceDate "2007.12.01"]

1. d4 g6 2. e4 Bg7 3. Nc3 d6 4. Nf3 a6 5. Be3 b5 6. Bd3 Nd7 7. O-O Bb7 8. d5 c5
9. dxc6 Bxc6 10. Nd4 Bb7 11. a4 b4 12. Nd5 a5 13. Bb5 Rc8 14. Nb6 1-0